Problema mnogich častic v kvantovoj mechanike : teorija i metody rešenija /

Uložené v:
Podrobná bibliografia
Hlavný autor: Gombáš, P. (Author)
Médium: Kniha
Jazyk:Russian
Vydané: Moskva : Izdatelstvo inostrannoj literatury, 1953.
Vydanie:2. izd.
ISBN: (viaz.)
Fyzický popis: 276 s.
Tagy: Pridať tag
Žiadne tagy, Buďte prvý kto otaguje tento záznam!

MARC

LEADER 00000cam a22000007a 4500
001 000147430
005 20100531170458.0
008 020409s1953 ru rus d
020 |a (viaz.) 
040 |a SVKKK  |b slo  |c SVKKK  |e AACR2 
041 0 |a rus 
044 |a ru  |c RU 
100 1 |a Gombáš, P.  |4 aut 
245 1 0 |a Problema mnogich častic v kvantovoj mechanike :  |b teorija i metody rešenija /  |c P. Gombaš. 
250 |a 2. izd. 
260 |a Moskva :  |b Izdatelstvo inostrannoj literatury,  |c 1953. 
300 |a 276 s. 
910 |a svkkk 
998 |a BK 
090 |g SCKHL  |k Sklad  |a III.6451  |j 41816  |i 147430-10  |4 Zastaraná  |s Vyradená